000
00219nmm a2200085Ia 4500
008
220120s9999||||xx |||||||||||||||||und||
100
_a
LFY
_9
10674
245
0
_a
February 2011 : Xmas game edition
260
_a
EFY enterprises
999
_c
139654
_d
139654